000 00523cam a2200205ua 4500
001 11832
005 20260515114814.0
008 191111n ii |||gr||||Z||||||eng
020 _a9788184554687
040 _cMAIN
082 _a305.51220954
100 _a P.K. Diwedi,
_eAuthor.
245 _aCaste and class consciousness
_cEdited by P.K. Diwedi
250 _a1st ed.
260 _aNew Delhi:
_bOmega Publications,
_c2013.
300 _a272p.
653 _aSocial groups
653 _aCaste and Class
942 _cBK
999 _c10614
_d10614